000 00329nam a2200157Ia 4500
100 _aGanguli/Ranjan
650 _aOptimization
942 _cBK
366 _f23
245 _aEngineering Optimization
260 _bUniversities Press
_c2011
082 _bGAN
300 _a257
546 _aENGLISH
_cInfo.Tech
999 _c32449
_d32449